[Event "Oberliga Bayern 0102"]
[Site "Bayern"]
[Date "2002.02.03"]
[Round "5.8"]
[White "De Francesco, Klaus"]
[Black "Rybac, Leonid"]
[Result "1-0"]
[WhiteElo "2210"]
[BlackElo "2275"]
[PlyCount "71"]
[EventDate "2001.10.07"]
[EventType "team"]
[EventRounds "9"]
[EventCountry "GER"]
[SourceTitle "EXT 2003"]
[Source "ChessBase"]
[SourceDate "2002.11.25"]
[SourceVersion "1"]
[SourceVersionDate "2002.11.25"]
[SourceQuality "1"]
[WhiteTeam "Pasing"]
[BlackTeam "Muenchen Sendling"]
[WhiteTeamCountry "GER"]
[BlackTeamCountry "GER"]

1. d4 d5 2. Nf3 e6 3. c4 c6 4. Qc2 Bd6 5. g3 Nd7 6. Bg2 Ngf6 7. 0-0 0-0 8. b3 Ne4 9. Bb2 f5 10. Nbd2 Qf6 11. Rad1 g5 12. Nxe4 fxe4 13. Nd2 g4 14. Nxe4 dxe4 15. Bxe4 Qe7 16. c5 Bc7 17. Bg2 Nf6 18. e4 Bd7 19. Rfe1 e5 20. d5 Ba5 21. Re3 Rae8 22. a3 Qg7 23. b4 Bd8 24. a4 a6 25. Re2 h6 26. Red2 Nh7 27. dxc6 Bxc6 28. b5 axb5 29. axb5 Ba5 30. Bc3 Bxc3 31. Qxc3 Ng5 32. bxc6 Nf3+ 33. Bxf3 gxf3 34. Rd7 Qg4 35. Qc4+ Kh8 36. c7 1-0